THE ESSENTIALS (Record no. 215897)

MARC details
000 -LEADER
fixed length control field 00485nam a22001817a 4500
008 - FIXED-LENGTH DATA ELEMENTS--GENERAL INFORMATION
fixed length control field 250715b |||||||| |||| 00| 0 eng d
020 ## - INTERNATIONAL STANDARD BOOK NUMBER
International Standard Book Number 0-74867-8582-5
050 ## - LIBRARY OF CONGRESS CALL NUMBER
Classification number LB 2395 .M94 2004
Item number 1O9206
100 ## - MAIN ENTRY--PERSONAL NAME
Personal name MYERS BILL
245 ## - TITLE STATEMENT
Title THE ESSENTIALS
260 ## - PUBLICATION, DISTRIBUTION, ETC.
Place of publication, distribution, etc. LONDON
Name of publisher, distributor, etc. NELS0N THOMES
Date of publication, distribution, etc. 2004
300 ## - PHYSICAL DESCRIPTION
Extent III-314P.
500 ## - GENERAL NOTE
General note IT HAS REFERENCES,BIBLIOGRAPHY AND INDEX
650 ## - SUBJECT ADDED ENTRY
Topical term or geographic name entry element COMMUNICATION SKILLS
700 ## - ADDED ENTRY--PERSONAL NAME
Personal name MYERS BILL
942 ## - ADDED ENTRY ELEMENTS (KOHA)
Source of classification or shelving scheme Library of Congress Classification
Koha item type Long Loan Book

No items available.